Hướng dẫn giải các bài toán xác suất thống kê

Kaydedildi:
Detaylı Bibliyografya
Yazar: Đào Hữu Hồ (Tác giả)
Materyal Türü: Kitap
Dil:Vietnamese
Baskı/Yayın Bilgisi: Hà Nội Đại học quốc gia Hà Nội 2007
Edisyon:In lần thứ 3
Konular:
Etiketler: Etiketle
Etiket eklenmemiş, İlk siz ekleyin!
Thư viện lưu trữ: Mạng thư viện Đại học Đà Nẵng
LEADER 01068nam a2200325 4500
001 000007693
003 3856
005 20120829100800.0
008 111011s2007 viesd
020 |c 29500đ 
041 0 |a vie 
082 |a 519  |b ĐA-H 
100 0 |a Đào Hữu Hồ  |e Tác giả 
245 0 |a Hướng dẫn giải các bài toán xác suất thống kê  |c Đào Hữu Hồ 
250 |a In lần thứ 3 
260 |a Hà Nội  |b Đại học quốc gia Hà Nội  |c 2007 
300 |a 315tr.  |c 20 cm 
653 |a Xác suất thống kê 
653 |a Bài toán 
653 |a Hướng dẫn giải 
OWN |a LSP 
AVA |a UDN50  |b LSP  |d 519 ĐA-H  |e check_holdings  |t Error 5003 Not defined in file expand_doc_bib_avail.  |h N  |k 1 
999 |a From the UDN01 
AVA |a UDN50  |b LSP  |d 519 ĐA-H  |e available  |t Error 5001 Not defined in file expand_doc_bib_avail.  |f 66  |g 1  |h N  |i 50  |k 1 
TYP |a Monograph 
TYP |a Printed language 
980 |a Mạng thư viện Đại học Đà Nẵng